<?xml version="1.0" encoding="UTF-8"?>
<record
    xmlns:xsi="http://www.w3.org/2001/XMLSchema-instance"
    xsi:schemaLocation="http://www.loc.gov/MARC21/slim http://www.loc.gov/standards/marcxml/schema/MARC21slim.xsd"
    xmlns="http://www.loc.gov/MARC21/slim">

  <leader>00510nam a22001577a 4500</leader>
  <datafield tag="999" ind1=" " ind2=" ">
    <subfield code="c">18793</subfield>
    <subfield code="d">18793</subfield>
  </datafield>
  <controlfield tag="008">210212b        xxu||||| |||| 00| 0 eng d</controlfield>
  <datafield tag="020" ind1=" " ind2=" ">
    <subfield code="a">1560249528</subfield>
  </datafield>
  <datafield tag="050" ind1=" " ind2=" ">
    <subfield code="a">RS92</subfield>
    <subfield code="b">.S65 1996 c.3</subfield>
  </datafield>
  <datafield tag="245" ind1=" " ind2=" ">
    <subfield code="a">Social and Behavioral Aspects of Pharmaceutical Care </subfield>
    <subfield code="c">Edited by Mickey C. Smith &amp; Albert I. Wertheimer </subfield>
  </datafield>
  <datafield tag="260" ind1=" " ind2=" ">
    <subfield code="a">New York</subfield>
    <subfield code="b">Informa  healthcare </subfield>
    <subfield code="c">1996</subfield>
  </datafield>
  <datafield tag="300" ind1=" " ind2=" ">
    <subfield code="a">835p.</subfield>
  </datafield>
  <datafield tag="650" ind1=" " ind2=" ">
    <subfield code="a">Pharmacy </subfield>
    <subfield code="v">social aspects </subfield>
  </datafield>
  <datafield tag="650" ind1=" " ind2=" ">
    <subfield code="a">Pharmacy management </subfield>
  </datafield>
  <datafield tag="650" ind1=" " ind2=" ">
    <subfield code="a">Pharmacist and patient</subfield>
  </datafield>
  <datafield tag="942" ind1=" " ind2=" ">
    <subfield code="2">lcc</subfield>
    <subfield code="c">BK</subfield>
  </datafield>
  <datafield tag="952" ind1=" " ind2=" ">
    <subfield code="0">0</subfield>
    <subfield code="1">0</subfield>
    <subfield code="2">lcc</subfield>
    <subfield code="7">0</subfield>
    <subfield code="a">KABU</subfield>
    <subfield code="b">KABU</subfield>
    <subfield code="d">2021-02-12</subfield>
    <subfield code="g">13285.00</subfield>
    <subfield code="l">0</subfield>
    <subfield code="o">RS92 .S65 1996 c.1</subfield>
    <subfield code="p">029577</subfield>
    <subfield code="r">2021-02-12 00:00:00</subfield>
    <subfield code="w">2021-02-12</subfield>
    <subfield code="y">BK</subfield>
  </datafield>
  <datafield tag="952" ind1=" " ind2=" ">
    <subfield code="0">0</subfield>
    <subfield code="1">0</subfield>
    <subfield code="2">lcc</subfield>
    <subfield code="7">0</subfield>
    <subfield code="a">KABU</subfield>
    <subfield code="b">KABU</subfield>
    <subfield code="d">2021-02-12</subfield>
    <subfield code="g">13285.00</subfield>
    <subfield code="l">0</subfield>
    <subfield code="o">RS92 .S65 1996 c.2</subfield>
    <subfield code="p">029578</subfield>
    <subfield code="r">2021-02-12 00:00:00</subfield>
    <subfield code="w">2021-02-12</subfield>
    <subfield code="y">BK</subfield>
  </datafield>
  <datafield tag="952" ind1=" " ind2=" ">
    <subfield code="0">0</subfield>
    <subfield code="1">0</subfield>
    <subfield code="2">lcc</subfield>
    <subfield code="7">0</subfield>
    <subfield code="a">KABU</subfield>
    <subfield code="b">KABU</subfield>
    <subfield code="d">2021-02-12</subfield>
    <subfield code="g">13285.00</subfield>
    <subfield code="l">0</subfield>
    <subfield code="o">RS92 .S65 1996 c.3</subfield>
    <subfield code="p">029579</subfield>
    <subfield code="r">2021-02-12 00:00:00</subfield>
    <subfield code="w">2021-02-12</subfield>
    <subfield code="y">BK</subfield>
  </datafield>
  <datafield tag="952" ind1=" " ind2=" ">
    <subfield code="0">0</subfield>
    <subfield code="1">0</subfield>
    <subfield code="2">lcc</subfield>
    <subfield code="7">0</subfield>
    <subfield code="a">KABU</subfield>
    <subfield code="b">KABU</subfield>
    <subfield code="d">2021-02-12</subfield>
    <subfield code="g">13285.00</subfield>
    <subfield code="l">1</subfield>
    <subfield code="o">RS92 .S65 1996 c.4</subfield>
    <subfield code="p">029580</subfield>
    <subfield code="r">2024-08-21 08:45:24</subfield>
    <subfield code="s">2024-08-07</subfield>
    <subfield code="w">2021-02-12</subfield>
    <subfield code="y">BK</subfield>
  </datafield>
  <datafield tag="952" ind1=" " ind2=" ">
    <subfield code="0">0</subfield>
    <subfield code="1">0</subfield>
    <subfield code="2">lcc</subfield>
    <subfield code="7">0</subfield>
    <subfield code="a">KABU</subfield>
    <subfield code="b">KABU</subfield>
    <subfield code="d">2021-02-12</subfield>
    <subfield code="g">13285.00</subfield>
    <subfield code="l">1</subfield>
    <subfield code="o">RS92 .S65 1996 c.5</subfield>
    <subfield code="p">029581</subfield>
    <subfield code="r">2021-04-14 00:00:00</subfield>
    <subfield code="s">2021-04-09</subfield>
    <subfield code="w">2021-02-12</subfield>
    <subfield code="y">BK</subfield>
  </datafield>
</record>
